MARC

LEADER 00000nam0a2200000 4500
001 123143
005 20231031130403.0
035 |a (RuTPU)RU\TPU\book\133313 
090 |a 123143 
100 |a 20071012d1970 km y0rusy50 ca 
101 0 |a rus 
102 |a RU 
105 |a a z 001zy 
200 1 |a Морфология глубоковскрытых магматогенных рудных полей  |f П. Ф. Иванкин  |g отв. ред. Ф. Н. Шахов 
210 |a Москва  |c Недра  |d 1970 
215 |a 288 с.  |c ил. 
320 |a Библиогр.: с. 279-286. 
610 1 |a магматогенные рудные поля 
610 1 |a магматогенные тела 
610 1 |a формообразование 
610 1 |a факторы 
610 1 |a способы 
610 1 |a оруденение 
610 1 |a глубина 
610 1 |a рудные поля 
610 1 |a изучение 
610 1 |a Рудный Алтай 
610 1 |a Салаир 
610 1 |a Урал 
610 1 |a колчеданные медные месторождения 
610 1 |a полиметаллические месторождения 
610 1 |a свинцово-цинковые месторождения 
610 1 |a Казахстан 
610 1 |a Средняя Азия 
610 1 |a Восточное Забайкалье 
610 1 |a скарново-магнетитовые месторождения 
610 1 |a Ангаро-Илимский железорудный район 
610 1 |a Тургайский прогиб 
610 1 |a Тельбесский железорудный район 
610 1 |a золоторудные магматогенные месторождения 
610 1 |a медно-молибденовые месторождения 
610 1 |a касситерит-сульфидные месторождения 
675 |a 553.3/4  |v 3 
700 1 |a Иванкин  |b П. Ф.  |g Петр Филиппович 
702 1 |a Шахов  |b Ф. Н.  |4 340 
801 1 |a RU  |b 63413507  |c 20071012  |g PSBO 
801 2 |a RU  |b 63413507  |c 20100109  |g PSBO 
942 |c BK